000
00335nam a2200145Ia 4500
008
230718s9999 xx 000 0 und d
041
_a
Eng.
082
_a
346.04
_b
KHA-L
100
_a
Khan,CH SUBHAN
245
0
_a
Land revemew act 1967
260
_a
Pakistan
_b
Manzoor law book
_c
2013
300
_a
37
650
_a
Law
999
_c
30240
_d
30240